The cats in Krasinski Square / (Record no. 485)

MARC details
000 -LEADER
fixed length control field 01359cam a2200349 a 4500
005 - DATE AND TIME OF LATEST TRANSACTION
control field 20230428124920.0
020 ## - INTERNATIONAL STANDARD BOOK NUMBER
International Standard Book Number 0439435404 (hardcover : alk. paper)
040 ## - CATALOGING SOURCE
Original cataloging agency DLC
Transcribing agency DLC
Modifying agency DLC
-- FISKH
Language of cataloging eng
050 00 - LIBRARY OF CONGRESS CALL NUMBER
Classification number PZ7.H4364
Item number Cat 2004
082 00 - DEWEY DECIMAL CLASSIFICATION NUMBER
Classification number 813.54
Edition number 22
100 1# - MAIN ENTRY--PERSONAL NAME
Personal name Hesse, Karen.
245 14 - TITLE STATEMENT
Title The cats in Krasinski Square /
Statement of responsibility, etc. by Karen Hesse ; illustrated by Wendy Watson.
250 ## - EDITION STATEMENT
Edition statement 1st ed.
260 ## - PUBLICATION, DISTRIBUTION, ETC.
Place of publication, distribution, etc. New York :
Name of publisher, distributor, etc. Scholastic Press,
Date of publication, distribution, etc. 2004.
300 ## - PHYSICAL DESCRIPTION
Extent 16 leaves of plates :
Other physical details color illustrations ;
Dimensions 26 x 31 cm.
505 ## - FORMATTED CONTENTS NOTE
Formatted contents note Q
520 ## - SUMMARY, ETC.
Summary, etc. Two Jewish sisters, escapees of the infamous Warsaw ghetto, devise a plan to thwart an attempt by the Gestapo to intercept food bound for starving people behind the dark Wall.
521 ## - TARGET AUDIENCE NOTE
Target audience note 930 <br/>
Source Lexile
521 ## - TARGET AUDIENCE NOTE
Target audience note Q <br/><br/>
Source Raz-Plus
650 #0 - SUBJECT ADDED ENTRY--TOPICAL TERM
Topical term or geographic name entry element Jews
General subdivision Persecutions
Geographic subdivision Poland
-- Warsaw
Form subdivision Juvenile fiction.
650 #0 - SUBJECT ADDED ENTRY--TOPICAL TERM
Topical term or geographic name entry element Holocaust, Jewish (1939-1945)
Geographic subdivision Poland
-- Warsaw
Form subdivision Juvenile fiction.
650 #1 - SUBJECT ADDED ENTRY--TOPICAL TERM
Topical term or geographic name entry element Jews
General subdivision Persecutions
Geographic subdivision Poland
-- Warsaw
Form subdivision Fiction.
650 #1 - SUBJECT ADDED ENTRY--TOPICAL TERM
Topical term or geographic name entry element Holocaust, Jewish (1939-1945)
Geographic subdivision Poland
-- Warsaw
Form subdivision Fiction.
650 #1 - SUBJECT ADDED ENTRY--TOPICAL TERM
Topical term or geographic name entry element Sisters
Form subdivision Fiction.
650 #1 - SUBJECT ADDED ENTRY--TOPICAL TERM
Topical term or geographic name entry element Heroes
Form subdivision Fiction.
650 #1 - SUBJECT ADDED ENTRY--TOPICAL TERM
Topical term or geographic name entry element Cats
Form subdivision Fiction.
700 1# - ADDED ENTRY--PERSONAL NAME
Personal name Watson, Wendy,
Relator term ill.
906 ## - LOCAL DATA ELEMENT F, LDF (RLIN)
a 7
b cbc
c orignew
d 1
e ecip
f 20
g y-gencatlg
942 ## - ADDED ENTRY ELEMENTS (KOHA)
Source of classification or shelving scheme Dewey Decimal Classification
Koha item type Books
Suppress in OPAC No
999 ## -
-- 485
-- 485
Holdings
Withdrawn status Lost status Source of classification or shelving scheme Damaged status Not for loan Collection Home library Current library Shelving location Date acquired Total Checkouts Full call number Barcode Date last seen Date last checked out Price effective from Koha item type
    Dewey Decimal Classification     Juvenile Fiction Footprints International School Library Network Toul Kork Campus Footprints International School Library Network Toul Kork Campus   04/28/2023 1 HES 813.54 PZ7.H4364 FISTK05645 09/28/2023 08/31/2023 04/28/2023 Books